Hereford and Worcester CC v Sylvia Marion Pick (Record no. 8619)
[ view plain ]
| 000 -LEADER | |
|---|---|
| fixed length control field | 01246cab a2200241 4500 |
| 001 - CONTROL NUMBER | |
| control field | ABS54959 |
| 008 - FIXED-LENGTH DATA ELEMENTS--GENERAL INFORMATION | |
| fixed length control field | 090401t1996 xxu||||| |||| 00| 0 eng d |
| 035 ## - SYSTEM CONTROL NUMBER | |
| System control number | (Sirsi) u13369 |
| 041 ## - LANGUAGE CODE | |
| Language code of text/sound track or separate title | eng |
| 245 ## - TITLE STATEMENT | |
| Title | Hereford and Worcester CC v Sylvia Marion Pick |
| 260 ## - PUBLICATION, DISTRIBUTION, ETC. | |
| Date of publication, distribution, etc. | 1996 |
| 350 ## - PRICE (NR) (BK AM CF MU VM SE) [OBSOLETE] | |
| Price | 0 |
| 490 ## - SERIES STATEMENT | |
| Series statement | Property and Compensation Reports |
| Volume/sequential designation | [1996] 71 P&CR 231-241(6) |
| 520 ## - SUMMARY, ETC. | |
| Summary, etc. | QBD 12 July 1995. A right of way through a hedge, passing between two housing estates, was developed in 1984 as an emergency road link with a a barrier to prevent motorcyclists and cyclists riding through without dismounting. A locked gate was later added. The appellants were convicted by the Justices of wilfully obstructing free passage, the appellants appealed. The appeal was allowed. It was held that the passage was not a public highway for all purposes and that any interference caused by the gate with the right of way was minimal and was not therefore an unlawful obstruction. |
| 650 ## - SUBJECT ADDED ENTRY--TOPICAL TERM | |
| Topical term or geographic name entry element | EMERGENCY ROADS |
| 650 ## - SUBJECT ADDED ENTRY--TOPICAL TERM | |
| Topical term or geographic name entry element | GATED ROADS |
| 650 ## - SUBJECT ADDED ENTRY--TOPICAL TERM | |
| Topical term or geographic name entry element | HEREFORD AND WORCESTER CC V SYLVIA MARION PICK |
| 650 ## - SUBJECT ADDED ENTRY--TOPICAL TERM | |
| Topical term or geographic name entry element | RIGHT OF WAY |
| 650 ## - SUBJECT ADDED ENTRY--TOPICAL TERM | |
| Topical term or geographic name entry element | UNLAWFUL OBSTRUCTION |
| 690 ## - LOCAL SUBJECT ADDED ENTRY--TOPICAL TERM (OCLC, RLIN) | |
| Topical term or geographic name as entry element | HIGHWAYS AND RIGHTS OF WAY-CASE LAW |
| 942 ## - ADDED ENTRY ELEMENTS (KOHA) | |
| Suppress in OPAC | 0 |
| 948 ## - LOCAL PROCESSING INFORMATION (OCLC); SERIES PART DESIGNATOR (RLIN) | |
| c (OCLC) | 04/03/1997 |
| Withdrawn status | Lost status | Source of classification or shelving scheme | Damaged status | Not for loan | Home library | Current library | Shelving location | Date acquired | Total Checkouts | Full call number | Barcode | Date last seen | Copy number | Price effective from | Koha item type |
|---|---|---|---|---|---|---|---|---|---|---|---|---|---|---|---|
| Dewey Decimal Classification | London | London | Journal article | 14/09/1999 | ABS54959 | 13369-1001 | 06/08/2019 | 1 | 06/08/2019 | Law report |